Indice de autor

Gorde:
Xehetasun bibliografikoak
Formatua: Texto
Gaiak:
Etiketak: Etiketa erantsi
Etiketarik gabe, Izan zaitez lehena erregistro honi etiketa jartzen!

MARC

LEADER 00000 a a2200000 04500
001 15237
003
040
245 |a Indice de autor  
650 |a MATERIAL DE REFERENCIA  
773 |g número 90 -91; páginas 231-235  
999 |c 40178  |d 40178